01572nam a22003737a 4500003000500000005001700005008004100022010001000063011001000073035001000083040000900093090001000102100004200112245026100154260004100415300002100456502010200477590003700579590004100616590004100657590004100698590004200739650004300781650002400824650003200848650002800880700004500908901000700953905002600960942001000986949005000996999001701046952013501063CHAP20220329142316.0000606d1998 mx r 00110 spa d a81409 a82381 a92873 cCHAP aTesis00aArriaga Sánchez, José Luis.9747410aAnálisis de algunas variables macroeconómicas (tasa de interés, inflación y tipo de cambio) en el otorgamiento y comportamiento del crédito agropecuario en México, 1993-1998c/por José Luis Arriaga Sánchez y Jesús Manuel Narváez Zamudio aChapingo, Méx. :bEl autor,c1999. a147 h. ;banexos aTesis (Lic. en Economía Agrícola) -- UACH. División de Ciencias Económico Administrativas aALEPHb10c20130110lUCH01h1436 aBATCH-UPDb10c20130110lUCH01h0608 aBATCH-UPDb10c20130410lUCH01h0250 aBATCH-UPDb10c20130914lUCH01h0402 aCONVERSIONb10c20130109lUCH01h134514aCrédito agrícolazMéxico.92908914aInflación.95806414aTasas de interés.911172814aTipo de cambio.91133900 aNarváez Zamudio, José Manuel.980256 aBK aAlejandra Carrasco M. cTESIS bBCcTESd33724000783007eTS1h36496i92873sb c81409d81409 00102local4051708TESISaBCbBCcPA_TESISd2019-12-31fTESISl0oTesisp33724000783007r2019-12-31 00:00:00w2019-12-31yTESIS